Software engineering (Record no. 10489)
[ view plain ]
| 000 -LEADER | |
|---|---|
| fixed length control field | 00560 a2200205 4500 |
| 020 ## - INTERNATIONAL STANDARD BOOK NUMBER | |
| International Standard Book Number | 978-0-13-703515-1 (hbk.) |
| 020 ## - INTERNATIONAL STANDARD BOOK NUMBER | |
| International Standard Book Number | 0-13-703515-2 (hbk.) |
| 020 ## - INTERNATIONAL STANDARD BOOK NUMBER | |
| International Standard Book Number | 0 |
| 020 ## - INTERNATIONAL STANDARD BOOK NUMBER | |
| International Standard Book Number | 0 |
| 040 ## - CATALOGING SOURCE | |
| Original cataloging agency | DLC |
| Language of cataloging | DLC |
| 082 04 - DEWEY DECIMAL CLASSIFICATION NUMBER | |
| Classification number | 005.1 |
| 100 1# - MAIN ENTRY--PERSONAL NAME | |
| Personal name | Sommerville, Ian, |
| 245 10 - TITLE STATEMENT | |
| Title | Software engineering |
| Statement of responsibility, etc. | Ian Sommerville. |
| 250 ## - EDITION STATEMENT | |
| Edition statement | 9th ed. |
| 260 ## - PUBLICATION, DISTRIBUTION, ETC. | |
| Place of publication, distribution, etc. | Boston, Mass. : |
| Name of publisher, distributor, etc. | Addison-Wesley ; |
| Place of publication, distribution, etc. | London : |
| Name of publisher, distributor, etc. | Pearson Education [distributor], |
| Date of publication, distribution, etc. | 2010. |
| 300 ## - PHYSICAL DESCRIPTION | |
| Extent | 773 p. |
| 500 ## - GENERAL NOTE | |
| General note | Previous ed.: 2007. |
| 650 #0 - SUBJECT ADDED ENTRY--TOPICAL TERM | |
| Topical term or geographic name entry element | Software engineering. |
| 942 ## - ADDED ENTRY ELEMENTS (KOHA) | |
| Koha item type | Book |
| Call number prefix | 005.1 SOM |
| Source of classification or shelving scheme | |
| Withdrawn status | Lost status | Damaged status | Not for loan | Collection code | Permanent Location | Current Location | Shelving location | Date acquired | Source of acquisition | Cost, normal purchase price | Total Checkouts | Total Renewals | Full call number | Barcode | Date last seen | Date last checked out | Price effective from | Koha item type |
|---|---|---|---|---|---|---|---|---|---|---|---|---|---|---|---|---|---|---|
| Central Library (CL) | Central Library (CL) | First Floor - Software Engineering/ Programming Language | 05/02/2011 | Progressive International Agencies | 9952.80 | 4 | 1 | 005.1 SOM | SEECS010568 | 01/14/2023 | 09/30/2022 | 01/05/2017 | Book | |||||
| Central Library (CL) | Central Library (CL) | First Floor - Software Engineering/ Programming Language | 05/02/2011 | Progressive International Agencies | 9952.80 | 5 | 005.1 SOM | SEECS010569 | 01/25/2024 | 10/13/2023 | 01/05/2017 | Book | ||||||
| Central Library (CL) | Central Library (CL) | First Floor - Software Engineering/ Programming Language | 05/02/2011 | Progressive International Agencies | 9952.80 | 4 | 005.1 SOM | SEECS010570 | 06/26/2024 | 10/04/2018 | 01/05/2017 | Book | ||||||
| Central Library (CL) | Central Library (CL) | First Floor - Software Engineering/ Programming Language | 05/02/2011 | Progressive International Agencies | 9952.80 | 3 | 005.1 SOM | SEECS010572 | 06/23/2023 | 01/05/2017 | Book |
